000 01173nam a22003490a 4500
001 PT23419
003 AR-LpoUNG
005 20210131233138.0
008 191001s1991||||mx |||||||||||||||||spa d
020 _a9688802050
_c$55
040 _aAR-LpoUNG
_bspa
_cAR-LpoUNG
_eaacr
041 _aspa
044 _amx
082 0 _a005.3 39len
100 1 _aKernighan, Brian W.
245 1 3 _aEl lenguaje de programacion C
250 _a2da. ed.
260 _aMéxico, D. F. :
_bPearson Educación,
_c1991.
300 _a294 p. :
_bil., tbls.
520 _aIntenta enseñar a programar en C. Contiene conceptos básicos de programación como variables, proposiciones de asignación, ciclos y funciones. C ha demostrado ser un lenguaje agradable, expresivo y versátil para una amplia variedad de programas.
650 4 _aCOMPUTACION
650 4 _aINFORMATICA
650 4 _aLENGUAJES DE PROGRAMACION
650 4 _aPROGRAMAS DE COMPUTADORA
650 4 _aTECNOLOGIA
651 4 _aDOCUMENTOS TEORICOS O METODOLOGICOS
700 1 _aFrid, David
_erev.
700 1 _aGómez Muñoz, Néstor
_etr.
700 1 _aRitchie, Dennis M.
905 _a23419
942 _cLIB
999 _c19447
_d19447